|
|
|
|
| LEADER |
00000cam a22000004a 4500 |
| 001 |
musev2_9970 |
| 003 |
MdBmJHUP |
| 005 |
20230905041135.0 |
| 006 |
m o d |
| 007 |
cr||||||||nn|n |
| 008 |
081023s2009 msu o 00 0 eng d |
| 010 |
|
|
|z 2008046691
|
| 020 |
|
|
|a 9781604734782
|
| 020 |
|
|
|z 1604734787
|
| 020 |
|
|
|z 9781604732207
|
| 020 |
|
|
|z 1604732202
|
| 035 |
|
|
|a (OCoLC)826516867
|
| 040 |
|
|
|a MdBmJHUP
|c MdBmJHUP
|
| 043 |
|
|
|a a-ja---
|
| 050 |
0 |
4 |
|a NC1709.T48
|b P69 2009
|
| 082 |
0 |
|
|a 741.5/952
|2 22
|
| 100 |
1 |
|
|a Power, Natsu Onoda.
|
| 245 |
1 |
0 |
|a God of Comics :
|b Osamu Tezuka and the Creation of Post-World War II Manga /
|c Natsu Onoda Power.
|
| 264 |
|
1 |
|a Jackson [Miss.] :
|b University Press of Mississippi,
|c 2009.
|
| 264 |
|
3 |
|a Baltimore, Md. :
|b Project MUSE,
|c 2012
|
| 264 |
|
4 |
|c ©2009.
|
| 300 |
|
|
|a 1 online resource (208 pages):
|b ill. ;
|
| 336 |
|
|
|a text
|b txt
|2 rdacontent
|
| 337 |
|
|
|a computer
|b c
|2 rdamedia
|
| 338 |
|
|
|a online resource
|b cr
|2 rdacarrier
|
| 490 |
0 |
|
|a Great comics artists series
|
| 504 |
|
|
|a Includes bibliographical references (p. 175-194) and index.
|
| 505 |
0 |
0 |
|t List of illustrations --
|t Notes on Japanese names, titles, and reading order --
|t Acknowledgments --
|t Introduction and some definitions --
|t Tezuka in history/History in Tezuka --
|t Movie in a book --
|t Stars and jokes --
|t Communities and competitions --
|t Sapphire and other heroines --
|t Tormenting affairs with animation --
|t Low humor/high drama, the two faces of adult comics --
|t God of comics, master of quotations --
|t Epilogue --
|t Bibliography --
|t Index.
|
| 588 |
|
|
|a Description based on print version record.
|
| 600 |
1 |
0 |
|a Tezuka, Osamu,
|d 1928-1989
|x Criticism and interpretation.
|
| 650 |
|
0 |
|a Comic books, strips, etc.
|z Japan
|x History and criticism.
|
| 655 |
|
7 |
|a Electronic books.
|2 local
|
| 710 |
2 |
|
|a Project Muse.
|e distributor
|
| 830 |
|
0 |
|a Great comics artists.
|
| 830 |
|
0 |
|a Book collections on Project MUSE.
|
| 856 |
4 |
0 |
|z Texto completo
|u https://projectmuse.uam.elogim.com/book/9970/
|
| 945 |
|
|
|a Project MUSE - Custom Collection
|
| 945 |
|
|
|a Project MUSE - Archive Complete Foundation
|
| 945 |
|
|
|a Project MUSE - Archive Literature Foundation
|
| 945 |
|
|
|a Project MUSE - Archive Asian and Pacific Studies Foundation
|